003630000a22001210004500090001700000245008200017041001400099700002800113100002700141942001300168773004300181999001700224 aASbSeriadas10aEspecies colombianas del género Symphyogyna ()0 aEspañol1 aAguirre C., Jaime937491 aUribe M., Jaime992646 cARTICULO1 tCaldasia345h82-85q429-458d1995g17 c14941d14941